[Event "SportAccord World Mind Games (Women, Rapid)"]
[Site "Beijing CHN"]
[Date "2013.12.12"]
[EventDate "2013.12.12"]
[Round "3.6"]
[Result "1/2-1/2"]
[White "Anna Ushenina"]
[Black "Pia Cramling"]
[WhiteElo "2501"]
[BlackElo "2525"]
[PlyCount "103"]

1. d4 Nf6 2. c4 e6 3. Nc3 Bb4 4. Qc2 d6 5. Nf3 Nbd7 6. g3 e5
7. Bg2 O-O 8. O-O exd4 9. Nxd4 Nb6 10. a3 Bxc3 11. Qxc3 c5
12. Nc2 Be6 13. Ne3 Qe7 14. b4 Rfc8 15. Bb2 Na4 16. Qc2 Nxb2
17. Qxb2 Rab8 18. Rfd1 b5 19. cxb5 Rxb5 20. Qd2 Rb6 21. Rac1
cxb4 22. Rxc8+ Bxc8 23. axb4 Be6 24. Ra1 h6 25. Qd4 Qc7
26. Bf3 Qb8 27. Kg2 Rxb4 28. Qxa7 Qxa7 29. Rxa7 g5 30. h3 h5
31. Ra5 g4 32. hxg4 hxg4 33. Bd5 Nxd5 34. Nxd5 Rb2 35. Nf4 Bd7
36. Ra6 Rd2 37. f3 Bb5 38. Ra8+ Kg7 39. Kf2 gxf3 40. Ke3 Rc2
41. exf3 Rc3+ 42. Kd4 Rxf3 43. Rd8 Kh7 44. Rxd6 Rxg3 45. Rb6
Bf1 46. Rb7 Kg8 47. Rb8+ Kh7 48. Rb7 Kg8 49. Rb8+ Kh7 50. Rb7
Kg8 51. Rb8+ Kh7 52. Ng2 1/2-1/2

[Event "SportAccord World Mind Games (Women, Rapid)"]
[Site "Beijing CHN"]
[Date "2013.12.12"]
[EventDate "2013.12.12"]
[Round "4.5"]
[Result "1-0"]
[White "Tatiana Kosintseva"]
[Black "Anna Ushenina"]
[WhiteElo "2496"]
[BlackElo "2501"]
[PlyCount "73"]

1. e4 c5 2. Nf3 d6 3. d4 cxd4 4. Nxd4 Nf6 5. Nc3 a6 6. Be3 e6
7. g4 h6 8. Bg2 e5 9. Nf5 g6 10. Qe2 gxf5 11. exf5 Rg8 12. h3
Qc7 13. f4 Bd7 14. g5 Bc6 15. Bxc6+ Qxc6 16. O-O-O hxg5
17. fxg5 Nbd7 18. gxf6 Rg2 19. Qd3 Nxf6 20. Rhg1 Rxg1 21. Rxg1
d5 22. Bg5 e4 23. Qd4 Bc5 24. Qe5+ Kd7 25. Rd1 d4 26. Qxf6 Re8
27. Qxc6+ Kxc6 28. Ne2 d3 29. cxd3 exd3 30. Nc3 Rg8 31. h4 f6
32. Bxf6 Be3+ 33. Kb1 d2 34. Kc2 Rf8 35. Bg5 Bxg5 36. hxg5
Rxf5 37. Rg1 1-0

[Event "SportAccord World Mind Games (Women, Blitz)"]
[Site "Beijing CHN"]
[Date "2013.12.14"]
[EventDate "2013.12.14"]
[Round "1.2"]
[Result "0-1"]
[White "Pia Cramling"]
[Black "Anna Ushenina"]
[WhiteElo "2525"]
[BlackElo "2501"]
[PlyCount "76"]

1. d4 d5 2. Nf3 c6 3. c4 e6 4. Qc2 dxc4 5. Qxc4 Nf6 6. Bg5 h6
7. Bh4 b5 8. Qc2 Bb7 9. e3 Nbd7 10. Nbd2 a6 11. a4 Be7 12. Be2
Qb6 13. O-O O-O 14. Rfd1 c5 15. dxc5 Nxc5 16. b4 Nxa4 17. Nd4
Rac8 18. Qb3 Bd5 19. Qa3 Nc3 20. Rdc1 Nxe2+ 21. Nxe2 Rxc1+
22. Rxc1 Ra8 23. Qb2 a5 24. e4 Nxe4 25. bxa5 Qxa5 26. Bxe7
Qxd2 27. Qxd2 Nxd2 28. Nf4 Nb3 29. Re1 Bc4 30. h3 Nd4 31. Rd1
Nc6 32. Bc5 Rd8 33. Rc1 Rd2 34. Nh5 Kh7 35. Ng3 Bd5 36. Rb1
Bc4 37. Ne4 Rd5 38. Be7 Nxe7 0-1

[Event "SportAccord World Mind Games (Women, Blitz)"]
[Site "Beijing CHN"]
[Date "2013.12.14"]
[EventDate "2013.12.14"]
[Round "2.7"]
[Result "1-0"]
[White "Anna Ushenina"]
[Black "Ju Wenjun"]
[WhiteElo "2501"]
[BlackElo "2514"]
[PlyCount "77"]

1. d4 f5 2. g3 Nf6 3. Bg2 g6 4. Nf3 Bg7 5. O-O O-O 6. c4 d6
7. Nc3 c6 8. Qc2 Na6 9. a3 Qe8 10. b4 e5 11. dxe5 dxe5 12. e4
f4 13. Bb2 Bg4 14. Ne2 Bxf3 15. Bxf3 g5 16. Bg2 Nc7 17. Rad1
Qe6 18. f3 Rad8 19. Kh1 h5 20. gxf4 gxf4 21. Rg1 Kh8 22. Nc1
h4 23. Nd3 Nh5 24. Nf2 b5 25. c5 Qa2 26. Ra1 Qc4 27. Qxc4 bxc4
28. Ng4 Rd4 29. Rac1 Nb5 30. Bxd4 exd4 31. Rxc4 Nxa3 32. Rcc1
Nb5 33. Rgd1 Nf6 34. Ne5 Rc8 35. Nf7+ Kg8 36. Nd6 Nxd6
37. cxd6 Nd7 38. b5 c5 39. Bh3 1-0

[Event "SportAccord World Mind Games (Women, Blitz)"]
[Site "Beijing CHN"]
[Date "2013.12.14"]
[EventDate "2013.12.14"]
[Round "3.3"]
[Result "1-0"]
[White "Elisabeth Paehtz"]
[Black "Anna Ushenina"]
[WhiteElo "2452"]
[BlackElo "2501"]
[PlyCount "105"]

1. e4 c5 2. Nf3 d6 3. d4 cxd4 4. Nxd4 Nf6 5. f3 e5 6. Nb3 Be6
7. c4 Nbd7 8. Nc3 Rc8 9. Nd5 Nxe4 10. fxe4 Qh4+ 11. Kd2 Qxe4
12. Nc3 Qf4+ 13. Ke1 Qh4+ 14. g3 Qd8 15. Be3 Be7 16. Nd5 O-O
17. Qd2 f5 18. Be2 f4 19. gxf4 Bh4+ 20. Kd1 exf4 21. Nxf4 Bf5
22. Nd4 Nc5 23. Nxf5 Rxf5 24. Bg4 Ne4 25. Qe2 Qf6 26. Bxf5
Qxf5 27. Nd5 Qe5 28. Rf1 b5 29. Rc1 bxc4 30. Nc3 d5 31. Nxe4
Qxe4 32. Bd2 Qg6 33. Qf3 Rd8 34. b3 h6 35. Qf5 Qg2 36. Rc2
cxb3 37. axb3 Bf6 38. Qf3 Qg6 39. Qf5 Qe8 40. Qd3 Qe5 41. Bc3
d4 42. Bd2 Qxh2 43. Rxf6 gxf6 44. Qg6+ Kh8 45. Qxf6+ Kh7
46. Qxd8 Qh1+ 47. Be1 Qf3+ 48. Kc1 Qe3+ 49. Bd2 Qg1+ 50. Kb2
Qg7 51. Qd5 d3+ 52. Bc3 Qf7 53. Qxf7# 1-0

[Event "SportAccord World Mind Games (Women, Blitz)"]
[Site "Beijing CHN"]
[Date "2013.12.14"]
[EventDate "2013.12.14"]
[Round "8.4"]
[Result "1/2-1/2"]
[White "Anna Ushenina"]
[Black "Nana Dzagnidze"]
[WhiteElo "2501"]
[BlackElo "2557"]
[PlyCount "117"]

1. Nf3 c5 2. c3 Nf6 3. d4 b6 4. e3 Bb7 5. Bd3 e6 6. O-O Be7
7. b3 O-O 8. Bb2 Nc6 9. Nbd2 cxd4 10. cxd4 Nb4 11. Be2 Rc8
12. a3 Nbd5 13. Rc1 h6 14. Bd3 Rxc1 15. Qxc1 Qc8 16. h3 Qa8
17. Qb1 Rc8 18. Rc1 Kf8 19. Rc2 Rxc2 20. Qxc2 Qc8 21. Qxc8+
Bxc8 22. Kf1 Nc7 23. Ke2 Bb7 24. Nc4 d6 25. Nfd2 Bxg2 26. h4
Bb7 27. a4 Nfd5 28. Be4 Ke8 29. f4 Kd7 30. h5 Bc6 31. f5 Nf6
32. fxe6+ fxe6 33. Bg6 Ncd5 34. Ba3 Nc7 35. e4 b5 36. axb5
Nxb5 37. Bb2 Bd8 38. e5 Nd5 39. exd6 Nf4+ 40. Ke3 Nxg6
41. hxg6 Bg5+ 42. Kd3 Bxd2 43. Kxd2 Nxd6 44. Nxd6 Kxd6 45. d5
Bxd5 46. Bxg7 h5 47. Be5+ Ke7 48. b4 h4 49. Ke3 h3 50. Kf2 Be4
51. g7 Kf7 52. Kg3 Bf5 53. Bd4 a6 54. Be5 Kg8 55. Bd4 Kh7
56. Be5 Kg8 57. Bd4 Kf7 58. Be5 Kg8 59. Bd4 1/2-1/2

[Event "SportAccord World Mind Games (Women, Blitz)"]
[Site "Beijing CHN"]
[Date "2013.12.14"]
[EventDate "2013.12.14"]
[Round "9.6"]
[Result "1/2-1/2"]
[White "Koneru Humpy"]
[Black "Anna Ushenina"]
[WhiteElo "2607"]
[BlackElo "2501"]
[PlyCount "104"]

1. d4 d5 2. c4 c6 3. Nf3 Nf6 4. e3 e6 5. Bd3 dxc4 6. Bxc4 Nbd7
7. O-O Bd6 8. Nc3 O-O 9. e4 e5 10. Bg5 h6 11. Bh4 Qe7 12. d5
Rd8 13. Qe2 Nf8 14. Rfd1 g5 15. Bg3 Ng6 16. dxc6 bxc6 17. Rd2
Bg4 18. h3 Bh5 19. Rad1 Bc7 20. Na4 Rxd2 21. Rxd2 Rd8 22. Qe3
Rxd2 23. Nxd2 Bd6 24. a3 Nf4 25. Qb3 Bg6 26. Qe3 Kg7 27. b4
Qc7 28. Nc5 a5 29. Bxf4 gxf4 30. Qd3 axb4 31. axb4 Nd7
32. Nxd7 Qxd7 33. Nb3 Qe7 34. b5 cxb5 35. Bxb5 Bc7 36. Bc4 Bb6
37. Bd5 Qa7 38. Qc2 h5 39. Nc1 Bd4 40. Nd3 h4 41. Kh2 Qa1
42. Qd2 Bc3 43. Qe2 Bd4 44. Qc2 Qa6 45. Qd2 Qb6 46. Qd1 Qa7
47. Qd2 Qb6 48. Qe2 Qa7 49. Qc2 Qb6 50. Qd2 Qa7 51. Qc2 Qb6
52. Qe2 Qa7 1/2-1/2

[Event "SportAccord World Mind Games (Women, Blitz)"]
[Site "Beijing CHN"]
[Date "2013.12.14"]
[EventDate "2013.12.14"]
[Round "10.3"]
[Result "0-1"]
[White "Anna Ushenina"]
[Black "Yifan Hou"]
[WhiteElo "2501"]
[BlackElo "2629"]
[PlyCount "90"]

1. Nf3 Nf6 2. c4 b6 3. g3 Bb7 4. Bg2 c5 5. O-O e6 6. Nc3 Be7
7. Re1 d6 8. e4 a6 9. d3 O-O 10. a3 Nc6 11. Rb1 Nd7 12. b4
Nde5 13. Bf4 Rb8 14. Re2 Bf6 15. Rc2 Nxf3+ 16. Bxf3 Nd4
17. Rcc1 Nxf3+ 18. Qxf3 Be5 19. Rb3 f5 20. Bxe5 dxe5 21. Qe2
Bc6 22. Rcb1 Qd6 23. b5 axb5 24. Nxb5 Qd7 25. Nc3 Qc7 26. Qb2
Rbd8 27. Qe2 Rb8 28. Qb2 Rbd8 29. Qe2 Ra8 30. a4 Ra6 31. Qb2
Rb8 32. a5 Rxa5 33. Rxb6 Rd8 34. Qc2 Raa8 35. R6b3 Qf7 36. Qe2
Rd4 37. Rb6 Qe8 38. Qc2 Rad8 39. Rd1 fxe4 40. dxe4 Bxe4
41. Qc1 Bf3 42. Re1 e4 43. Qf4 Qh5 44. Rxe6 Qh3 45. Qxf3 exf3
0-1

[Event "SportAccord World Mind Games (Women, Blitz)"]
[Site "Beijing CHN"]
[Date "2013.12.15"]
[EventDate "2013.12.14"]
[Round "11.7"]
[Result "0-1"]
[White "Viktorija Cmilyte"]
[Black "Anna Ushenina"]
[WhiteElo "2514"]
[BlackElo "2501"]
[PlyCount "186"]

1. Nf3 d5 2. d4 c6 3. c4 e6 4. e3 Nf6 5. b3 c5 6. Bb2 cxd4
7. exd4 Be7 8. Nbd2 O-O 9. Bd3 Nc6 10. O-O Nb4 11. Bb1 b6
12. a3 Nc6 13. Bd3 Bb7 14. Rc1 Rc8 15. Re1 a5 16. Bb1 Re8
17. Nf1 Bf8 18. Ng3 Ne7 19. Ne5 Ng6 20. Qd3 a4 21. bxa4 dxc4
22. Qe3 Qd5 23. f3 Nxe5 24. Qxe5 Qxe5 25. dxe5 Nd5 26. Ne4
Red8 27. Ba2 Ba6 28. Rc2 Nf4 29. Rb1 Nd3 30. Bc3 Rc6 31. Bb4
Nxe5 32. Bc3 Nd3 33. Bb4 h6 34. Nc3 Bc5+ 35. Kf1 Bd4 36. Nb5
Bf6 37. Na7 Rc7 38. Nb5 Rcd7 39. Bxc4 Ne5 40. Be2 Ng6 41. g3
Ne5 42. Rb3 h5 43. Kf2 g6 44. Rb1 Nd3+ 45. Bxd3 Rxd3 46. Ke2
R3d7 47. Rd2 Rxd2+ 48. Bxd2 h4 49. Be3 hxg3 50. hxg3 Rb8
51. Rb3 Kg7 52. Kf2 g5 53. Nc7 Bc4 54. Rxb6 Rc8 55. Rb7 Kg6
56. a5 Bd8 57. Nb5 Bxa5 58. Nd6 Rc6 59. Nxf7 Bc3 60. Nd8 Ra6
61. Bc5 Bd5 62. Rd7 Bf6 63. Rxd5 exd5 64. Nb7 Ra4 65. Ke3 Be5
66. g4 Bf4+ 67. Kd3 Kf6 68. Bb4 Ra8 69. Nc5 Bd6 70. Kd4 Bxc5+
71. Bxc5 Ke6 72. Bb4 Rc8 73. Bc5 Rc6 74. Bb4 Rc4+ 75. Kd3 Ke5
76. Bd2 Kf6 77. Bc3+ Ke6 78. Bd2 Ra4 79. Bxg5 Rxa3+ 80. Ke2
Ke5 81. Bd2 d4 82. g5 Kf5 83. f4 Ke4 84. Bc1 Rg3 85. Bd2 Rg2+
86. Kd1 Kd3 87. Be1 Rg1 88. g6 Rxg6 89. Bh4 Rg1+ 90. Be1 Rf1
91. f5 Rxf5 92. Bh4 Rf1+ 93. Be1 Rg1 0-1

[Event "SportAccord World Mind Games (Women, Blitz)"]
[Site "Beijing CHN"]
[Date "2013.12.15"]
[EventDate "2013.12.14"]
[Round "12.2"]
[Result "1-0"]
[White "Anna Ushenina"]
[Black "Anna Muzychuk"]
[WhiteElo "2501"]
[BlackElo "2566"]
[PlyCount "121"]

1. d4 d5 2. c4 e5 3. dxe5 d4 4. Nf3 Nc6 5. a3 Nge7 6. b4 Ng6
7. Bb2 a5 8. b5 Ncxe5 9. Nxe5 Nxe5 10. Qxd4 Qxd4 11. Bxd4 Nxc4
12. e3 Be6 13. Be2 a4 14. Bf3 Na5 15. Nd2 f6 16. O-O Bd6
17. Ne4 Be7 18. Rac1 O-O-O 19. Rc3 Nb3 20. Bb6 Rd7 21. Nc5
cxb6 22. Nxb3+ Kb8 23. Nd4 Bd5 24. Bd1 g6 25. Bxa4 Rc8
26. Rfc1 Rxc3 27. Rxc3 Rc7 28. Rxc7 Kxc7 29. Bb3 Be4 30. a4
Bc5 31. f3 Bd3 32. Kf2 Kd6 33. Bc2 Bc4 34. Be4 Bd5 35. Ke2
Bc4+ 36. Bd3 Bd5 37. Kd2 Bb4+ 38. Ke2 Bc5 39. Bc2 Bc4+ 40. Kf2
Bb4 41. Be4 Bd5 42. Ke2 Bc5 43. Kd3 f5 44. Bxd5 Kxd5 45. e4+
fxe4+ 46. fxe4+ Ke5 47. Nf3+ Kf4 48. e5 g5 49. e6 g4 50. Nd4
Ke5 51. Kc4 Bd6 52. g3 Kf6 53. Kd3 Ke5 54. Kc4 Bc5 55. a5 Kd6
56. a6 bxa6 57. bxa6 Kc7 58. Nf5 Bg1 59. Kb5 Bxh2 60. e7 Kd7
61. a7 1-0

[Event "SportAccord World Mind Games (Women, Blitz)"]
[Site "Beijing CHN"]
[Date "2013.12.15"]
[EventDate "2013.12.14"]
[Round "14.1"]
[Result "1/2-1/2"]
[White "Kateryna Lahno"]
[Black "Anna Ushenina"]
[WhiteElo "2543"]
[BlackElo "2501"]
[PlyCount "106"]

1. e4 c5 2. Nf3 d6 3. d4 cxd4 4. Nxd4 Nf6 5. Nc3 a6 6. Be2 e5
7. Nb3 Be7 8. O-O O-O 9. Bf3 b6 10. Re1 Bb7 11. a4 Nbd7
12. Nd2 Nc5 13. Nf1 Ne6 14. Be3 Rc8 15. Qd2 Rc4 16. b3 Rc8
17. Nd5 Nxd5 18. exd5 Nd4 19. Bxd4 exd4 20. Ng3 Bf6 21. Rad1
g6 22. Be4 Bg7 23. Bd3 Rc5 24. Re2 Bxd5 25. Ne4 Rc7 26. Qf4
Bxe4 27. Rxe4 a5 28. Rde1 Rc5 29. Qd2 Re5 30. f4 Rxe4 31. Rxe4
Re8 32. Qe2 Rxe4 33. Qxe4 Bf6 34. Qd5 Qe7 35. Qe4 Qxe4
36. Bxe4 Kf8 37. Bd5 h6 38. Kf2 g5 39. f5 Be5 40. h3 h5
41. Kf3 Ke7 42. g4 hxg4+ 43. hxg4 f6 44. Ke4 Kd7 45. Ba8 Kc7
46. Kd5 Kd7 47. Bc6+ Kc7 48. Bb5 Bf4 49. Kxd4 Be5+ 50. Kd5 Bc3
51. Kc4 Be5 52. Kd5 Bc3 53. Kc4 Be5 1/2-1/2

[Event "SportAccord World Mind Games (Women, Blitz)"]
[Site "Beijing CHN"]
[Date "2013.12.15"]
[EventDate "2013.12.14"]
[Round "16.2"]
[Result "1-0"]
[White "Anna Ushenina"]
[Black "Pia Cramling"]
[WhiteElo "2501"]
[BlackElo "2525"]
[PlyCount "129"]

1. d4 d5 2. c4 dxc4 3. Nf3 Nf6 4. e3 e6 5. Bxc4 a6 6. O-O c5
7. Nc3 b5 8. Bb3 Bb7 9. dxc5 Qxd1 10. Rxd1 Bxc5 11. a4 b4
12. Ne2 O-O 13. Ne5 Nc6 14. Nc4 a5 15. Bd2 Rfd8 16. Be1 Kf8
17. Nf4 Ke7 18. Nd3 Ba7 19. Rac1 Rac8 20. Nxa5 Nxa5 21. Bxb4+
Ke8 22. Bxa5 Rxc1 23. Nxc1 Rb8 24. Bc7 Rc8 25. Be5 Ba6 26. Na2
Bc5 27. Nc3 Ke7 28. Nb5 Bxb5 29. axb5 Bb6 30. Kf1 Ne8 31. Bc3
Bc5 32. Rc1 Rb8 33. Bxg7 Rxb5 34. Bc4 Rb8 35. Bc3 Nd6 36. Bd3
h6 37. Ke2 Ba7 38. Ra1 Bb6 39. Ra6 Kd7 40. Be5 Bc7 41. Bc3 Rg8
42. g3 Rb8 43. Ra7 Kd8 44. b4 Nb5 45. Bxb5 Rxb5 46. Ra8+ Kd7
47. Rh8 Rb7 48. Rxh6 Ra7 49. h4 Ra2+ 50. Kf3 Rc2 51. Bd4 Rc1
52. b5 Rb1 53. Rh5 Ke7 54. Rg5 Bd6 55. Bc5 Bxc5 56. Rxc5 Kd6
57. Rg5 f6 58. Rg6 Ke5 59. h5 Rxb5 60. h6 Rb8 61. Rg7 Rh8
62. h7 f5 63. Rf7 Rb8 64. g4 fxg4+ 65. Kxg4 1-0

[Event "SportAccord World Mind Games (Women, Blitz)"]
[Site "Beijing CHN"]
[Date "2013.12.15"]
[EventDate "2013.12.14"]
[Round "18.3"]
[Result "1-0"]
[White "Anna Ushenina"]
[Black "Elisabeth Paehtz"]
[WhiteElo "2501"]
[BlackElo "2452"]
[PlyCount "94"]

1. d4 d6 2. Nf3 g6 3. c4 Bg7 4. Nc3 Nc6 5. d5 Na5 6. Bd2 c5
7. e4 a6 8. Rc1 Bg4 9. h3 Bxf3 10. Qxf3 Nf6 11. Qd1 O-O
12. Be2 Nd7 13. O-O Rb8 14. b3 b6 15. f4 f5 16. exf5 gxf5
17. Bd3 Qe8 18. Qe2 Qf7 19. Rce1 Rbe8 20. Kh1 Qf6 21. Rf3 Kh8
22. Re3 Qd4 23. Qf3 Rf7 24. Na4 Qf6 25. Nxb6 Nxb6 26. Bxa5 Nc8
27. Bb1 Qh4 28. Qg3 Qxg3 29. Rxg3 Bd4 30. Bc3 Bxc3 31. Rxc3
Nb6 32. Rce3 Kg7 33. Re6 Kf8 34. Kg1 Nd7 35. Kf2 a5 36. Kf3
Rb8 37. Bc2 Rb4 38. Rh6 a4 39. Rh5 axb3 40. axb3 Rb8 41. Ra1
Kg7 42. Ra7 Nf6 43. Rxf5 h6 44. g4 Rb6 45. g5 hxg5 46. fxg5
Ng8 47. Rxf7+ Kxf7 1-0

[Event "SportAccord World Mind Games (Women, Blitz)"]
[Site "Beijing CHN"]
[Date "2013.12.15"]
[EventDate "2013.12.14"]
[Round "20.4"]
[Result "1-0"]
[White "Anna Ushenina"]
[Black "Zhao Xue"]
[WhiteElo "2501"]
[BlackElo "2568"]
[PlyCount "151"]

1. d4 Nf6 2. c4 e6 3. Nc3 Bb4 4. Qc2 Nc6 5. Nf3 d6 6. g3 O-O
7. Bg2 e5 8. d5 Nd4 9. Nxd4 exd4 10. a3 Bxc3+ 11. bxc3 dxc3
12. O-O Re8 13. e4 c6 14. dxc6 bxc6 15. Bf4 Nh5 16. Be3 Qf6
17. Rac1 Ba6 18. Qxc3 Qxc3 19. Rxc3 Nf6 20. f3 d5 21. Rb1 dxe4
22. Bd4 exf3 23. Bxf3 Re6 24. Rb4 h6 25. Ra4 Ne4 26. Rc2 c5
27. Bxe4 Rxe4 28. Bxc5 Rc8 29. Rxa6 Rxc5 30. Rxa7 Rcxc4
31. Rf2 f6 32. Rd2 Ra4 33. Rd8+ Kh7 34. Rda8 Rxa7 35. Rxa7 Re2
36. h4 h5 37. a4 Ra2 38. a5 Kg6 39. a6 Kh6 40. Kf1 Kg6 41. Kg1
Kh6 42. Kf1 g5 43. Ra8 Kg6 44. hxg5 fxg5 45. a7 Kg7 46. Kg1
Kh7 47. Kf1 Kg7 48. Kg1 Kh7 49. Kf1 Ra6 50. Kf2 Rf6+ 51. Kg2
Rf7 52. Kg1 Kg7 53. Rg8+ Kxg8 54. a8=Q+ Kg7 55. Qd5 Kg6
56. Qe6+ Rf6 57. Qg8+ Kh6 58. Kg2 Rf5 59. Qh8+ Kg6 60. Qe8+
Rf7 61. Qe5 Rf6 62. Qe4+ Kg7 63. Qe8 Kh6 64. Qg8 g4 65. Qd5
Rf3 66. Qe5 Kg6 67. Qh8 Rf5 68. Qc3 Rf3 69. Qc2+ Kg5 70. Qh7
Rf6 71. Qg7+ Rg6 72. Qe5+ Kh6 73. Kf2 Rg7 74. Qf6+ Rg6
75. Qf8+ Kg5 76. Qf4# 1-0

[Event "SportAccord World Mind Games (Women, Blitz)"]
[Site "Beijing CHN"]
[Date "2013.12.16"]
[EventDate "2013.12.14"]
[Round "21.5"]
[Result "1-0"]
[White "Tatiana Kosintseva"]
[Black "Anna Ushenina"]
[WhiteElo "2496"]
[BlackElo "2501"]
[PlyCount "89"]

1. e4 c5 2. Nf3 d6 3. d4 cxd4 4. Nxd4 Nf6 5. Nc3 a6 6. Be3
Nbd7 7. Qd2 b5 8. a3 Bb7 9. f3 e6 10. Bd3 Rc8 11. O-O Be7
12. Nde2 O-O 13. Ng3 Ne5 14. Rad1 Qc7 15. Qf2 Nfd7 16. h3 Nc4
17. Bxc4 Qxc4 18. f4 Nf6 19. Bd4 a5 20. e5 dxe5 21. fxe5 Nd5
22. Nxd5 Bxd5 23. c3 Bh4 24. Qf4 Bxg3 25. Qxg3 b4 26. axb4
axb4 27. Rf4 bxc3 28. bxc3 Qe2 29. Rdf1 Bc4 30. R1f2 Qe1+
31. Kh2 Rb8 32. Rg4 g6 33. Qf4 Rb1 34. Rh4 Qc1 35. Be3 Qh1+
36. Kg3 h5 37. Rxh5 gxh5 38. Qg5+ Kh8 39. Qxh5+ Kg8 40. Qg5+
Kh7 41. Rf6 Qe1+ 42. Bf2 Qxc3+ 43. Kh2 Rh1+ 44. Kxh1 Qa1+
45. Kh2 1-0

[Event "SportAccord World Mind Games (Women, Blitz)"]
[Site "Beijing CHN"]
[Date "2013.12.16"]
[EventDate "2013.12.14"]
[Round "24.6"]
[Result "0-1"]
[White "Anna Ushenina"]
[Black "Koneru Humpy"]
[WhiteElo "2501"]
[BlackElo "2607"]
[PlyCount "152"]

1. d4 Nf6 2. c4 e6 3. Nc3 Bb4 4. Qc2 O-O 5. Nf3 c5 6. dxc5 Na6
7. g3 Nxc5 8. Bg2 Nce4 9. O-O Bxc3 10. bxc3 Qa5 11. Nd4 d5
12. cxd5 exd5 13. c4 Bd7 14. cxd5 Qxd5 15. Bb2 Rac8 16. Qb3
Qxb3 17. axb3 a6 18. e3 Rc7 19. Rfc1 Rfc8 20. Rxc7 Rxc7 21. b4
Nd6 22. Nb3 Nfe4 23. Bd4 Bc6 24. f3 Nf6 25. e4 Nb5 26. Be5 Re7
27. Bb2 Rd7 28. Bf1 Kf8 29. Kf2 Ne8 30. Ke3 Re7 31. Na5 Rc7
32. Rc1 f6 33. h4 Ke7 34. f4 Ned6 35. Bd3 Bd7 36. Rxc7 Nxc7
37. e5 fxe5 38. Bxe5 Nd5+ 39. Kd2 Nxb4 40. Bxh7 b6 41. Nb3
Nc4+ 42. Kc3 Nxe5 43. Kxb4 a5+ 44. Kc3 Ng4 45. Nd4 Kd6 46. Be4
Nf6 47. Bf3 b5 48. Be2 Kc5 49. Nb3+ Kb6 50. Bd3 a4 51. Nd4 Ka5
52. Nc2 Nd5+ 53. Kd4 Nf6 54. Kc5 Be8 55. f5 Nd7+ 56. Kd6 b4
57. g4 b3 58. Nd4 b2 59. g5 a3 60. Nb3+ Kb4 61. Nd4 a2 62. f6
gxf6 63. gxf6 Nxf6 64. Ke7 a1=Q 65. Nc2+ Kc3 66. Nxa1 bxa1=Q
67. Bf5 Bc6 68. Kxf6 Kc4+ 69. Kg6 Qg1+ 70. Kf6 Qd4+ 71. Kg5
Qe5 72. Kg6 Be4 73. Bxe4 Qxe4+ 74. Kg5 Kd5 75. h5 Ke6 76. h6
Qf5+ 0-1

[Event "SportAccord World Mind Games (Women, Blitz)"]
[Site "Beijing CHN"]
[Date "2013.12.16"]
[EventDate "2013.12.14"]
[Round "25.3"]
[Result "0-1"]
[White "Yifan Hou"]
[Black "Anna Ushenina"]
[WhiteElo "2629"]
[BlackElo "2501"]
[PlyCount "118"]

1. e4 c5 2. Nf3 d6 3. d4 cxd4 4. Nxd4 Nf6 5. Nc3 a6 6. a3 Qc7
7. Bg5 Nbd7 8. Be2 e6 9. O-O Be7 10. Kh1 b5 11. f4 Bb7 12. Bf3
Rc8 13. Qe1 Ba8 14. Bh4 O-O 15. Bg3 Nb6 16. e5 Nfd5 17. Ne4
dxe5 18. fxe5 Nc4 19. Nf6+ Nxf6 20. exf6 Bd6 21. fxg7 Kxg7
22. Bxa8 Bxg3 23. hxg3 Rxa8 24. Qe4 Qe5 25. Qg4+ Kh8 26. Rf4
Rg8 27. Qh3 Rg7 28. Raf1 Rag8 29. Nf3 Qxb2 30. Rh4 Nd6 31. Ng5
Qxc2 32. Nf3 Nf5 33. g4 Nxh4 34. Nxh4 Qe4 35. g5 Rxg5 36. Rxf7
R5g7 37. Rf1 Qg4 38. Qh2 Rg5 39. g3 Qe4+ 40. Nf3 Qd5 41. Qb2+
R5g7 42. Kg2 Rf8 43. Rf2 Kg8 44. Qc3 Rgf7 45. Qe3 Rxf3
46. Rxf3 Qxf3+ 47. Qxf3 Rxf3 48. Kxf3 a5 49. Ke4 Kf7 50. Kd4
b4 51. axb4 axb4 52. Kc4 Kf6 53. Kxb4 Ke5 54. Kc3 Ke4 55. Kc4
e5 56. g4 h6 57. Kc3 Kf4 58. Kd3 e4+ 59. Ke2 Kxg4 0-1

[Event "SportAccord World Mind Games (Women, Blitz)"]
[Site "Beijing CHN"]
[Date "2013.12.16"]
[EventDate "2013.12.14"]
[Round "26.7"]
[Result "1-0"]
[White "Anna Ushenina"]
[Black "Viktorija Cmilyte"]
[WhiteElo "2501"]
[BlackElo "2514"]
[PlyCount "83"]

1. d4 Nf6 2. c4 c5 3. d5 b5 4. cxb5 a6 5. e3 g6 6. Nc3 Bg7
7. a4 O-O 8. Ra3 d6 9. Bc4 Nbd7 10. Nge2 Nb6 11. b3 axb5
12. axb5 Bb7 13. O-O Rxa3 14. Bxa3 Qa8 15. Bb2 Nfxd5 16. Nxd5
Nxd5 17. Bxg7 Kxg7 18. Qd2 Nb6 19. f3 d5 20. Bd3 f6 21. Qc3
Qc8 22. Rc1 Nd7 23. Nf4 Kf7 24. e4 e6 25. exd5 exd5 26. h4 Qc7
27. Qd2 Qb6 28. Kh1 Qd6 29. h5 Ne5 30. Be4 Rd8 31. Rd1 dxe4
32. Qxd6 Rxd6 33. Rxd6 exf3 34. hxg6+ hxg6 35. gxf3 Bxf3+
36. Kg1 g5 37. Nd5 c4 38. bxc4 g4 39. b6 Nxc4 40. Rxf6+ Kg7
41. Rxf3 Nxb6 42. Rf5 1-0

[Event "SportAccord World Mind Games (Women, Blitz)"]
[Site "Beijing CHN"]
[Date "2013.12.16"]
[EventDate "2013.12.14"]
[Round "29.1"]
[Result "0-1"]
[White "Anna Ushenina"]
[Black "Kateryna Lahno"]
[WhiteElo "2501"]
[BlackElo "2543"]
[PlyCount "74"]

1. d4 Nf6 2. c4 g6 3. Nc3 d5 4. cxd5 Nxd5 5. Bd2 Bg7 6. e4
Nxc3 7. Bxc3 O-O 8. Qd2 Nc6 9. d5 Ne5 10. f4 Ng4 11. Bxg7 Kxg7
12. Nf3 c6 13. dxc6 bxc6 14. h3 Nf6 15. Qc3 Qb6 16. O-O-O Be6
17. Kb1 Rfd8 18. Bd3 Qe3 19. f5 gxf5 20. Rhe1 Qf4 21. exf5
Rxd3 22. Rxd3 Bxf5 23. Ka1 Bxd3 24. Qxd3 Qd6 25. Qe3 Rd8
26. a3 Qg3 27. Qxa7 e6 28. Re5 h6 29. Qa4 Qxg2 30. Qf4 Rd1+
31. Ka2 Rf1 32. Re3 Nd5 33. Qd4+ f6 34. Nh4 Qg1 35. Rxe6 Qxd4
36. Rxc6 Nb4+ 37. axb4 Qd5+ 0-1

[Event "SportAccord World Mind Games (Women, Basque)"]
[Site "Beijing CHN"]
[Date "2013.12.17"]
[EventDate "2013.12.17"]
[Round "1.2"]
[Result "1/2-1/2"]
[White "Anna Ushenina"]
[Black "Ju Wenjun"]
[WhiteElo "2501"]
[BlackElo "2514"]
[PlyCount "56"]

1. d4 d6 2. Nf3 g6 3. c4 Bg7 4. Nc3 Nd7 5. e4 e5 6. Be2 Ne7
7. Bg5 h6 8. Be3 O-O 9. Qd2 Kh7 10. Rd1 Nc6 11. Qc2 exd4
12. Nxd4 Nde5 13. Nxc6 bxc6 14. c5 Qe7 15. cxd6 cxd6 16. O-O
f5 17. Qd2 Nf7 18. exf5 Bxf5 19. Bd3 Bxd3 20. Qxd3 d5 21. Bd4
Bxd4 22. Qxd4 Rfe8 23. b3 Qe5 24. Qc5 Qd6 25. Qd4 Qe5 26. Qc5
Qd6 27. Qd4 Qe5 28. Qc5 Qd6 1/2-1/2

[Event "SportAccord World Mind Games (Women, Basque)"]
[Site "Beijing CHN"]
[Date "2013.12.17"]
[EventDate "2013.12.17"]
[Round "2.2"]
[Result "0-1"]
[White "Anna Ushenina"]
[Black "Zhao Xue"]
[WhiteElo "2501"]
[BlackElo "2568"]
[PlyCount "186"]

1. d4 Nf6 2. c4 e6 3. Nc3 Bb4 4. Qc2 d6 5. Nf3 Nbd7 6. g3 e5
7. Bg2 O-O 8. O-O c6 9. a3 Bxc3 10. Qxc3 Qe7 11. dxe5 dxe5
12. b4 Re8 13. Bb2 e4 14. Nd4 Nb6 15. a4 Be6 16. Nxe6 Qxe6
17. Rfc1 h5 18. a5 Nbd7 19. Rd1 Ne5 20. a6 Nxc4 21. axb7 Rab8
22. Rxa7 Nxb2 23. Qxb2 Qe7 24. Qd4 Rxb7 25. Rxb7 Qxb7 26. Rc1
Qa6 27. Qc4 Qa3 28. Qc3 Qa2 29. e3 Qa4 30. Qxc6 Qxb4 31. Qc5
Qb2 32. Qc2 Qe5 33. Qc3 Qe6 34. Qc6 Qe5 35. Qc7 Qe6 36. Qc6
Qe5 37. Qc7 Qe6 38. Qc6 Qe7 39. Qc5 Qb7 40. Qc6 Qb4 41. Qc4
Qb2 42. Qc3 Qb5 43. Qc5 Qd7 44. Bf1 Qg4 45. h3 Qe6 46. Rb1 Qe7
47. Qc6 Qe6 48. Qxe6 Rxe6 49. Bc4 Re7 50. Kf1 g6 51. Ke2 Rc7
52. Rb4 Kg7 53. Kd2 Nh7 54. h4 Nf6 55. Ra4 Ng4 56. Ke2 f5
57. Bb3 Rb7 58. Ra3 Rc7 59. Bd1 Ne5 60. Ra5 Ng4 61. Ra3 Kh6
62. f3 exf3+ 63. Kxf3 Rd7 64. Be2 Re7 65. Bd1 Kg7 66. Bc2 Rd7
67. e4 Rd2 68. Ra7+ Kh6 69. exf5 Rxc2 70. fxg6 Kxg6 71. Ra5
Rf2+ 72. Ke4 Nf6+ 73. Ke3 Rf5 74. Ra6 Rc5 75. Kf4 Rc4+ 76. Kf3
Kf5 77. Ra5+ Ke6 78. Ra6+ Ke5 79. Ra5+ Nd5 80. Ra8 Rc3+
81. Kg2 Ne3+ 82. Kf2 Ng4+ 83. Kg2 Rc2+ 84. Kg1 Ke4 85. Rf8
Rc1+ 86. Kg2 Ne3+ 87. Kh2 Rc2+ 88. Kh1 Nf5 89. Kg1 Nxg3
90. Rh8 Ne2+ 91. Kf1 Nf4 92. Kg1 Kf3 93. Rg8 Rg2+ 0-1